[Event "Cadiz-ch Youth+Experts"]
[Site "Chiclana"]
[Date "2015.02.21"]
[Round "1.4"]
[White "Montalban Rivera, Juan"]
[Black "Gomez Calle, Jose Antonio"]
[Result "1-0"]
[WhiteElo "1888"]
[BlackElo "2150"]
[PlyCount "133"]
[EventDate "2015.02.21"]
[EventType "swiss"]
[EventRounds "6"]
[EventCountry "ESP"]
[SourceTitle "EXT 2024"]
[Source "ChessBase"]
[SourceDate "2023.10.10"]
[SourceVersion "1"]
[SourceVersionDate "2023.10.10"]
[SourceQuality "1"]

1. e4 c5 2. d4 cxd4 3. c3 dxc3 4. Nxc3 Nc6 5. Nf3 e6 6. Bc4 Qc7 7. Nb5 Qb8 8. g3 d6 9. Bf4 Ne5 10. Bxe5 dxe5 11. Rc1 Bd7 12. Be2 Bc6 13. 0-0 Nf6 14. Nc3 Be7 15. Bb5 0-0 16. Bxc6 bxc6 17. Qc2 Rc8 18. Na4 c5 19. Nd2 Qb4 20. b3 Qd4 21. Kg2 Rd8 22. Rcd1 Rac8 23. f3 Qe3 24. Nc4 Qg5 25. Rxd8+ Rxd8 26. Rd1 Rd4 27. h4 Qh5 28. Nc3 g5 29. hxg5 Qxg5 30. Nb5 Rxd1 31. Qxd1 Nh5 32. Qe1 Qg7 33. Nc3 Bh4 34. Ne2 Nf4+ 35. Nxf4 exf4 36. Kh3 Bxg3 37. Qh1 Qh6+ 38. Kg2 Qxh1+ 39. Kxh1 Kf8 40. Ne5 Bf2 41. Kg2 Be3 42. Kh3 f6 43. Nc6 a6 44. Kg4 Ke8 45. Na5 Kd7 46. Kh5 Bc1 47. Kh6 Kc7 48. Kxh7 Kd6 49. Kg6 Ke7 50. Nc6+ Kd6 51. Nb8 Bb2 52. Nxa6 Kc6 53. Nb8+ Kd6 54. Na6 Be5 55. Kf7 Kc6 56. Kxe6 Kb6 57. Nb8 Bxb8 58. Kxf6 Kc6 59. Kf5 Bc7 60. e5 Kd5 61. e6 Kd6 62. Kf6 Bd8+ 63. Kf7 Bh4 64. a4 Bg5 65. a5 Kc6 66. e7 Bxe7 67. Kxe7 1-0